[Event "35t. Copenhagen Open (Politiken Cup)"]
[Site "Elsinore"]
[Date "2013.07.30"]
[Round "5"]
[White "Marshall, Michael"]
[Black "Lofgren, Claes"]
[Result "1/2-1/2"]
[WhiteElo "1839"]
[BlackElo "2127"]
[PlyCount "47"]
[EventDate "2013.07.27"]
[EventType "swiss"]
[EventRounds "10"]
[EventCountry "DEN"]
[Source "ChessBase"]
[SourceDate "2013.08.26"]

1. c4 e5 2. g3 Nf6 3. Bg2 d5 4. cxd5 Nxd5 5. Nc3 Nb6 6. Nf3 Nc6 7. d3 Be7 8.
O-O O-O 9. a3 Be6 10. b4 f6 11. Rb1 Qd7 12. Ne4 Nd5 13. Bd2 b6 14. Nc3 Nd4 15.
e3 Nxf3+ 16. Bxf3 Rad8 17. d4 exd4 18. exd4 Nxc3 19. Bxc3 Bd5 20. Re1 Rfe8 21.
Rc1 Bf8 22. Rxe8 Rxe8 23. Ba1 Rc8 24. Qd3 1/2-1/2

[Event "35t. Copenhagen Open (Politiken Cup)"]
[Site "Elsinore"]
[Date "2013.07.30"]
[Round "5"]
[White "Melkumyan, Hrant"]
[Black "Bulski, Krzysztof"]
[Result "1/2-1/2"]
[WhiteElo "2632"]
[BlackElo "2534"]
[PlyCount "120"]
[EventDate "2013.07.27"]
[EventType "swiss"]
[EventRounds "10"]
[EventCountry "DEN"]
[Source "ChessBase"]
[SourceDate "2013.08.26"]

1. d4 d5 2. c4 c6 3. cxd5 cxd5 4. Bf4 Nc6 5. e3 Nf6 6. Nc3 Bf5 7. Qb3 Na5 8.
Qa4+ Bd7 9. Qc2 e6 10. Bd3 Rc8 11. Nf3 b5 12. a3 Be7 13. O-O O-O 14. Ne5 Nc4
15. Rfc1 a6 16. Qe2 Nd6 17. a4 Nfe4 18. Nxe4 dxe4 19. Bc2 Be8 20. f3 f6 21. Ng4
exf3 22. gxf3 bxa4 23. Kh1 Kh8 24. Rg1 Nf5 25. Nf2 Bb5 26. Bd3 Qb6 27. Rg2 Nh4
28. Rgg1 Nf5 29. Rg2 Nh4 30. Rgg1 Rc6 31. Qd1 Bxd3 32. Nxd3 Nf5 33. Re1 a3 34.
bxa3 Rc3 35. a4 Rfc8 36. Qe2 g5 37. Bg3 Qb3 38. Rad1 Rc2 39. Qf1 Nxg3+ 40. hxg3
Qxa4 41. Qh3 Qb3 42. Nc5 Bxc5 43. dxc5 Qb7 44. Rf1 Qf7 45. Rd6 R2xc5 46. Qxe6
Qxe6 47. Rxe6 R5c6 48. Rxc6 Rxc6 49. Ra1 Kg7 50. g4 Kf7 51. Kg2 Ke6 52. Ra5 Kd6
53. f4 h6 54. Kf3 Kc7 55. Ra1 Kb6 56. Rb1+ Kc5 57. Rc1+ Kb5 58. Rb1+ Kc5 59.
Rc1+ Kb5 60. Rb1+ Kc5 1/2-1/2

[Event "35t. Copenhagen Open (Politiken Cup)"]
[Site "Elsinore"]
[Date "2013.07.30"]
[Round "5"]
[White "Mihajlov, Sebastian"]
[Black "Norlander, Svante"]
[Result "1-0"]
[WhiteElo "2138"]
[BlackElo "1796"]
[PlyCount "47"]
[EventDate "2013.07.27"]
[EventType "swiss"]
[EventRounds "10"]
[EventCountry "DEN"]
[Source "ChessBase"]
[SourceDate "2013.08.26"]

1. d4 d5 2. c4 e5 3. dxe5 d4 4. Nf3 Nc6 5. g3 Bg4 6. Bg2 Bb4+ 7. Bd2 Bxd2+ 8.
Nbxd2 Rb8 9. O-O Nge7 10. h3 Bh5 11. g4 Bg6 12. Nb3 d3 13. e3 Nb4 14. Nbd4 Kf8
15. Ng5 Qd7 16. Qd2 Nec6 17. a3 h6 18. e6 Qd6 19. Nxf7 Bxf7 20. Nxc6 Nxc6 21.
exf7 Ne5 22. Qc3 Nxf7 23. Rad1 Rd8 24. Be4 1-0

[Event "35t. Copenhagen Open (Politiken Cup)"]
[Site "Elsinore"]
[Date "2013.07.30"]
[Round "5"]
[White "Mikkelsen, Nikolaj"]
[Black "Hansen, Sune Berg"]
[Result "1/2-1/2"]
[WhiteElo "2418"]
[BlackElo "2549"]
[PlyCount "26"]
[EventDate "2013.07.27"]
[EventType "swiss"]
[EventRounds "10"]
[EventCountry "DEN"]
[Source "ChessBase"]
[SourceDate "2013.08.26"]

1. e4 e5 2. Nf3 Nc6 3. d4 exd4 4. Nxd4 Bb4+ 5. c3 Bc5 6. Nxc6 bxc6 7. Bd3 d6 8.
O-O Nf6 9. Nd2 Ng4 10. Nf3 O-O 11. h3 Ne5 12. Nxe5 dxe5 13. Qe2 Qh4 1/2-1/2

[Event "35t. Copenhagen Open (Politiken Cup)"]
[Site "Elsinore"]
[Date "2013.07.30"]
[Round "5"]
[White "Morkedal, Oyvind"]
[Black "Satre, Roger"]
[Result "0-1"]
[WhiteElo "1628"]
[BlackElo "1833"]
[PlyCount "60"]
[EventDate "2013.07.27"]
[EventType "swiss"]
[EventRounds "10"]
[EventCountry "DEN"]
[Source "ChessBase"]
[SourceDate "2013.08.26"]

1. e4 e6 2. d4 d5 3. Nc3 Bb4 4. Nge2 dxe4 5. a3 Be7 6. Nxe4 Nf6 7. N2c3 O-O 8.
Be3 Nbd7 9. Bd3 Nd5 10. Nxd5 exd5 11. Ng3 Nf6 12. f3 Re8 13. Qd2 c5 14. O-O c4
15. Bf5 g6 16. Bxc8 Rxc8 17. Bg5 Qb6 18. c3 Nd7 19. Bxe7 Rxe7 20. Rae1 Rce8 21.
Rxe7 Rxe7 22. Qg5 Re5 23. Qd2 Re8 24. Kf2 Ne5 25. Kg1 Nd3 26. Rb1 Qb3 27. Kf1
a5 28. Ne2 b5 29. Nc1 Qc2 30. Qxc2 Re1# 0-1

[Event "35t. Copenhagen Open (Politiken Cup)"]
[Site "Elsinore"]
[Date "2013.07.30"]
[Round "5"]
[White "Narheim, Mats"]
[Black "Szucs, Michell Daniel"]
[Result "1/2-1/2"]
[WhiteElo "1315"]
[BlackElo "1504"]
[PlyCount "100"]
[EventDate "2013.07.27"]
[EventType "swiss"]
[EventRounds "10"]
[EventCountry "DEN"]
[Source "ChessBase"]
[SourceDate "2013.08.26"]

1. e4 b6 2. d4 Bb7 3. Nc3 e6 4. Nf3 Bb4 5. d5 Nf6 6. Bg5 h6 7. Bxf6 Qxf6 8. Nd2
Bxc3 9. bxc3 exd5 10. exd5 Bxd5 11. Be2 Qxc3 12. O-O Qc6 13. Nf3 O-O 14. Ne5
Qe6 15. c4 Qxe5 16. Qxd5 Qxd5 17. cxd5 d6 18. Rac1 Re8 19. Rfe1 Re7 20. Bb5 Kf8
21. Rxe7 Kxe7 22. Rxc7+ Kf6 23. Rc8 a6 24. Bc6 Nxc6 25. Rxa8 Nb4 26. a3 Nxd5
27. Rxa6 Ke5 28. Kf1 b5 29. Ke2 b4 30. axb4 Nxb4 31. Ra4 Nc6 32. h4 g5 33. hxg5
hxg5 34. Kf3 f5 35. g4 f4 36. Ke2 Nd4+ 37. Kd3 Ne6 38. Re4+ Kd5 39. Re1 Nc5+
40. Ke2 Ke4 41. f3+ Kd4 42. Rh1 d5 43. Rh5 Ne6 44. Rh6 Ke5 45. Kd3 Nc5+ 46. Kc3
d4+ 47. Kd2 Ne6 48. Kd3 Nc5+ 49. Kd2 Ne6 50. Kd3 Nc5+ 1/2-1/2

[Event "35t. Copenhagen Open (Politiken Cup)"]
[Site "Elsinore"]
[Date "2013.07.30"]
[Round "5"]
[White "Nielsen, Kai Gylling"]
[Black "Larsen, Ulrik"]
[Result "0-1"]
[WhiteElo "1833"]
[BlackElo "1992"]
[PlyCount "94"]
[EventDate "2013.07.27"]
[EventType "swiss"]
[EventRounds "10"]
[EventCountry "DEN"]
[Source "ChessBase"]
[SourceDate "2013.08.26"]

1. Nf3 c5 2. c4 e6 3. e3 Nf6 4. Nc3 d5 5. cxd5 exd5 6. d4 Nc6 7. Bb5 a6 8.
Bxc6+ bxc6 9. Ne5 Qc7 10. f4 Be7 11. Nf3 O-O 12. O-O cxd4 13. Qxd4 c5 14. Qe5
Bd6 15. Qg5 h6 16. Qh4 Rd8 17. Bd2 d4 18. exd4 cxd4 19. Ne2 Qb6 20. Nfxd4 Bc5
21. Bc3 Bxd4+ 22. Nxd4 Rxd4 23. Qf2 Rd6 24. Rae1 Qxf2+ 25. Rxf2 Bf5 26. h3 Ne4
27. Be5 Nxf2 28. Bxd6 Nd3 29. Re2 Rd8 30. Bc7 Rc8 31. Bd6 h5 32. Rd2 Rc6 33.
Bb8 Rb6 34. Be5 Nxe5 35. fxe5 Rb5 36. Re2 Kf8 37. Kf2 h4 38. Kf3 g5 39. g4 Bg6
40. e6 Ke7 41. exf7+ Kxf7 42. Rd2 Ke6 43. b3 Rc5 44. Re2+ Kd6 45. Rd2+ Kc6 46.
Re2 Rc3+ 47. Kg2 Rc2 0-1

[Event "35t. Copenhagen Open (Politiken Cup)"]
[Site "Elsinore"]
[Date "2013.07.30"]
[Round "5"]
[White "Nielsen, Leo"]
[Black "Hansen, Martin Mandrup"]
[Result "1-0"]
[WhiteElo "1752"]
[BlackElo "1537"]
[PlyCount "131"]
[EventDate "2013.07.27"]
[EventType "swiss"]
[EventRounds "10"]
[EventCountry "DEN"]
[Source "ChessBase"]
[SourceDate "2013.08.26"]

1. e4 e6 2. Nf3 d5 3. exd5 exd5 4. d4 c5 5. Bb5+ Nc6 6. Qe2+ Be7 7. Ne5 Qb6 8.
dxc5 Qxc5 9. O-O Nf6 10. b3 a6 11. Bxc6+ bxc6 12. Ba3 Qb5 13. Qxb5 cxb5 14.
Bxe7 Kxe7 15. Re1 Re8 16. Nd2 Kf8 17. Ndf3 Ne4 18. Nc6 Bd7 19. Nfe5 Bxc6 20.
Nxc6 Rac8 21. Nd4 Rc7 22. f3 Nf6 23. Rxe8+ Nxe8 24. Kf2 g6 25. Re1 Ng7 26. Re2
Ne6 27. Ke3 Re7 28. Nxe6+ fxe6 29. Kd4 Kf7 30. Kc5 Rd7 31. Kb6 Rd6+ 32. Ka5 Rc6
33. a4 bxa4 34. Kxa4 Rc5 35. b4 Rb5 36. Re3 d4 37. Re4 Rd5 38. Kb3 d3 39. cxd3
Rxd3+ 40. Kc2 Rd5 41. f4 g5 42. g3 g4 43. Kc3 Kf6 44. Re2 a5 45. Kc4 axb4 46.
Kxb4 e5 47. Kc4 Ra5 48. Kb4 Rd5 49. Re4 Kf5 50. Rc4 e4 51. Rc7 e3 52. Re7 Rd3
53. Kc4 Rd2 54. Rxe3 Rxh2 55. Re5+ Kg6 56. Rg5+ Kf6 57. Rxg4 h6 58. Kd4 Re2 59.
Kd3 Re8 60. Rh4 Rg8 61. Rxh6+ Kf5 62. Rh5+ Kg4 63. Rg5+ Rxg5 64. fxg5 Kxg5 65.
Ke3 Kg4 66. Kf2 1-0

[Event "35t. Copenhagen Open (Politiken Cup)"]
[Site "Elsinore"]
[Date "2013.07.30"]
[Round "5"]
[White "Nordin, Eric"]
[Black "Alquist, Erik"]
[Result "0-1"]
[WhiteElo "1874"]
[BlackElo "2053"]
[PlyCount "64"]
[EventDate "2013.07.27"]
[EventType "swiss"]
[EventRounds "10"]
[EventCountry "DEN"]
[Source "ChessBase"]
[SourceDate "2013.08.26"]

1. e4 c5 2. Nc3 Nc6 3. f4 e6 4. Nf3 d5 5. Bb5 Nge7 6. O-O a6 7. Bxc6+ Nxc6 8.
e5 Be7 9. d3 O-O 10. Qe1 b5 11. Qg3 f5 12. b3 d4 13. Nd1 Nb4 14. Rf2 Nd5 15.
Bd2 Bb7 16. Qh3 Qd7 17. g4 Rac8 18. g5 c4 19. g6 hxg6 20. Rg2 Qe8 21. Ng5 Bxg5
22. Rxg5 Ne7 23. Bb4 cxb3 24. cxb3 Kf7 25. Qg3 Rc2 26. Nf2 Qc6 27. Rd1 Rc1 28.
Rf1 Rc8 29. Ba3 Rxf1+ 30. Kxf1 Qc3 31. Nd1 Qd2 32. Nf2 Nd5 0-1

[Event "35t. Copenhagen Open (Politiken Cup)"]
[Site "Elsinore"]
[Date "2013.07.30"]
[Round "5"]
[White "Nordstrom, Hakon N"]
[Black "Jensen, Tobias Ilsoe"]
[Result "0-1"]
[WhiteElo "1830"]
[BlackElo "1954"]
[PlyCount "40"]
[EventDate "2013.07.27"]
[EventType "swiss"]
[EventRounds "10"]
[EventCountry "DEN"]
[Source "ChessBase"]
[SourceDate "2013.08.26"]

1. e4 c5 2. Nf3 d6 3. d4 cxd4 4. Nxd4 Nf6 5. Nc3 Nc6 6. f3 e6 7. Be3 a6 8. Qd2
Be7 9. O-O-O Bd7 10. Be2 b5 11. Bxb5 axb5 12. Ndxb5 O-O 13. Nxd6 Ne5 14. Bg5
Bc6 15. f4 Ng6 16. f5 Ne5 17. Bf4 Nfd7 18. g4 Qb6 19. g5 Bxd6 20. Qxd6 Nc4 0-1

[Event "35t. Copenhagen Open (Politiken Cup)"]
[Site "Elsinore"]
[Date "2013.07.30"]
[Round "5"]
[White "Oe, Oluf"]
[Black "Rasmussen, Henning Lau"]
[Result "1/2-1/2"]
[WhiteElo "1992"]
[BlackElo "1835"]
[PlyCount "38"]
[EventDate "2013.07.27"]
[EventType "swiss"]
[EventRounds "10"]
[EventCountry "DEN"]
[Source "ChessBase"]
[SourceDate "2013.08.26"]

1. c4 e5 2. Nc3 Nf6 3. Nf3 Nc6 4. d4 exd4 5. Nxd4 Bb4 6. Qd3 Nxd4 7. Qxd4 O-O
8. Bg5 Re8 9. O-O-O Bxc3 10. Qxc3 Ne4 11. Bxd8 Nxc3 12. bxc3 Rxd8 13. e4 d6 14.
c5 Be6 15. cxd6 Rxd6 16. Rxd6 cxd6 17. Kb2 Rc8 18. Be2 Kf8 19. Rd1 Ke7 1/2-1/2

[Event "35t. Copenhagen Open (Politiken Cup)"]
[Site "Elsinore"]
[Date "2013.07.30"]
[Round "5"]
[White "Oland, Arne"]
[Black "Hansen, Morten Moller"]
[Result "1-0"]
[WhiteElo "1955"]
[BlackElo "2126"]
[PlyCount "71"]
[EventDate "2013.07.27"]
[EventType "swiss"]
[EventRounds "10"]
[EventCountry "DEN"]
[Source "ChessBase"]
[SourceDate "2013.08.26"]

1. f4 d5 2. Nf3 c5 3. e3 Nf6 4. b3 Nc6 5. Bb2 g6 6. Ne5 Bg7 7. Nxc6 bxc6 8. Be2
O-O 9. O-O Qb6 10. Nc3 a5 11. Na4 Qa7 12. d3 Ba6 13. c4 Nd7 14. Bxg7 Kxg7 15.
Qd2 Bb7 16. Bg4 f5 17. Bf3 e5 18. e4 fxe4 19. dxe4 d4 20. g3 Qb8 21. Bg2 Qd6
22. Nb2 Qe6 23. Rae1 h6 24. Nd3 a4 25. fxe5 axb3 26. axb3 Qe7 27. e6 Rxf1+ 28.
Rxf1 Qxe6 29. e5 g5 30. h4 Qg4 31. hxg5 hxg5 32. e6 Nf6 33. Nxc5 Bc8 34. Qf2
Ng8 35. Qf7+ Kh8 36. e7 1-0

[Event "35t. Copenhagen Open (Politiken Cup)"]
[Site "Elsinore"]
[Date "2013.07.30"]
[Round "5"]
[White "Olsen, Filip Boe"]
[Black "Kristensen, Bjarke Hautop"]
[Result "0-1"]
[WhiteElo "1753"]
[BlackElo "1921"]
[PlyCount "118"]
[EventDate "2013.07.27"]
[EventType "swiss"]
[EventRounds "10"]
[EventCountry "DEN"]
[Source "ChessBase"]
[SourceDate "2013.08.26"]

1. d4 g6 2. Nf3 Bg7 3. Bf4 d6 4. c3 Nd7 5. e4 e5 6. Be3 Ngf6 7. Nbd2 O-O 8. Bc4
h6 9. dxe5 dxe5 10. h3 Qe7 11. O-O Nh5 12. Qc2 Nf4 13. Rad1 Nc5 14. Nb3 Nce6
15. Rd2 Qf6 16. Bxe6 Bxe6 17. Bxf4 Qxf4 18. Nc5 Bxh3 19. gxh3 Qxf3 20. Qd3 Qxd3
21. Rxd3 Rfd8 22. Rfd1 Rxd3 23. Rxd3 Bf8 24. Nd7 Bd6 25. c4 Rd8 26. Nf6+ Kg7
27. Ng4 Re8 28. Rd5 b6 29. a3 a5 30. Kf1 Re6 31. Ke2 h5 32. Ne3 Kf6 33. f3 c6
34. Rd3 Ke7 35. Kd2 Bc5 36. Nc2 Rd6 37. b4 axb4 38. axb4 Rxd3+ 39. Kxd3 Bd6 40.
Ke3 Kf6 41. Kf2 Kg5 42. Kg3 f5 43. b5 h4+ 44. Kg2 cxb5 45. cxb5 fxe4 46. fxe4
Kf4 47. Ne1 Kxe4 48. Nf3 Be7 49. Kf2 Bf6 50. Ke2 Kd5 51. Nd2 e4 52. Nb3 Bg5 53.
Na1 Kc4 54. Nc2 Kxb5 55. Nd4+ Kc4 56. Nc6 b5 57. Na5+ Kc3 58. Nc6 b4 59. Nxb4
Kxb4 0-1

[Event "35t. Copenhagen Open (Politiken Cup)"]
[Site "Elsinore"]
[Date "2013.07.30"]
[Round "5"]
[White "Olsen, Miriam Frida"]
[Black "Heedt, Thorsten"]
[Result "0-1"]
[WhiteElo "1959"]
[BlackElo "2173"]
[PlyCount "42"]
[EventDate "2013.07.27"]
[EventType "swiss"]
[EventRounds "10"]
[EventCountry "DEN"]
[Source "ChessBase"]
[SourceDate "2013.08.26"]

1. e4 c5 2. Nf3 g6 3. c3 Bg7 4. d4 Qc7 5. Be3 Nf6 6. e5 Nd5 7. Qb3 Nxe3 8. fxe3
Nc6 9. Ng5 O-O 10. Bc4 e6 11. Be2 cxd4 12. exd4 Nxd4 13. cxd4 Qc1+ 14. Bd1 Qxg5
15. O-O f6 16. Bf3 fxe5 17. d5 e4 18. dxe6 dxe6 19. Be2 Bd4+ 20. Kh1 Rxf1+ 21.
Bxf1 Qc1 0-1

[Event "35t. Copenhagen Open (Politiken Cup)"]
[Site "Elsinore"]
[Date "2013.07.30"]
[Round "5"]
[White "Pedersen, Hans Buus"]
[Black "Larsen, Karsten"]
[Result "1/2-1/2"]
[WhiteElo "2118"]
[BlackElo "2270"]
[PlyCount "51"]
[EventDate "2013.07.27"]
[EventType "swiss"]
[EventRounds "10"]
[EventCountry "DEN"]
[Source "ChessBase"]
[SourceDate "2013.08.26"]

1. d4 g6 2. Nf3 Bg7 3. c3 Nf6 4. Bf4 O-O 5. Nbd2 d5 6. e3 b6 7. h3 c5 8. Be2
Bb7 9. O-O Nc6 10. a4 Nd7 11. Qb3 Qc8 12. Rfd1 c4 13. Qc2 e5 14. dxe5 Ndxe5 15.
Nxe5 Nxe5 16. Nf3 Nd7 17. Nd4 a6 18. Bg4 f5 19. Bf3 Nc5 20. Bd6 Rd8 21. Bxc5
bxc5 22. Ne2 Rd6 23. b3 cxb3 24. Qxb3 c4 25. Qb4 Qc7 26. Rab1 1/2-1/2

[Event "35t. Copenhagen Open (Politiken Cup)"]
[Site "Elsinore"]
[Date "2013.07.30"]
[Round "5"]
[White "Pedersen, Jan Kaas"]
[Black "Standal, Bard"]
[Result "1/2-1/2"]
[WhiteElo "2018"]
[BlackElo "1807"]
[PlyCount "53"]
[EventDate "2013.07.27"]
[EventType "swiss"]
[EventRounds "10"]
[EventCountry "DEN"]
[Source "ChessBase"]
[SourceDate "2013.08.26"]

1. d4 Nf6 2. Nf3 g6 3. Bg5 Bg7 4. Nbd2 d6 5. e3 Nbd7 6. Bd3 O-O 7. c3 e5 8. O-O
Qe8 9. e4 Nh5 10. Nc4 Nf4 11. Bxf4 exf4 12. Re1 b5 13. Na5 a6 14. a4 bxa4 15.
Qxa4 Nb6 16. Qc2 Be6 17. d5 Bg4 18. Nd2 Qe5 19. f3 Bd7 20. Kh1 Qh5 21. Nf1 g5
22. Qf2 Be5 23. Be2 Kh8 24. h3 Rg8 25. Nh2 Qg6 26. Nc6 Bxc6 27. dxc6 1/2-1/2

[Event "35t. Copenhagen Open (Politiken Cup)"]
[Site "Elsinore"]
[Date "2013.07.30"]
[Round "5"]
[White "Percivaldi, Martin"]
[Black "Nilssen, John Arni"]
[Result "1/2-1/2"]
[WhiteElo "2178"]
[BlackElo "2353"]
[PlyCount "85"]
[EventDate "2013.07.27"]
[EventType "swiss"]
[EventRounds "10"]
[EventCountry "DEN"]
[Source "ChessBase"]
[SourceDate "2013.08.26"]

1. c4 f5 2. Nc3 Nf6 3. g3 g6 4. Bg2 Bg7 5. d3 d6 6. e4 Nc6 7. Nge2 O-O 8. O-O
Kh8 9. h3 a5 10. Kh2 a4 11. Rb1 Bd7 12. f4 e5 13. Be3 exf4 14. Nxf4 a3 15. b3
Re8 16. Qd2 Ne5 17. Rbe1 c6 18. d4 Nf7 19. exf5 gxf5 20. c5 Qc7 21. cxd6 Qxd6
22. d5 Qb4 23. Nb1 Qxd2 24. Nxd2 cxd5 25. Nxd5 Nxd5 26. Bxd5 Nd6 27. Bf4 Bb5
28. Rxe8+ Rxe8 29. Rf2 Bd4 30. Rg2 Be5 31. Nf3 Bxf4 32. gxf4 Bd3 33. Ne5 Bb1
34. b4 Rf8 35. Rg3 Be4 36. Be6 Ra8 37. h4 Re8 38. Bf7 Rf8 39. Be6 Re8 40. Bf7
Rf8 41. Be6 Re8 42. Bf7 Rf8 43. Be6 1/2-1/2

[Event "35t. Copenhagen Open (Politiken Cup)"]
[Site "Elsinore"]
[Date "2013.07.30"]
[Round "5"]
[White "Pettersen, Joar Gullestad"]
[Black "Wimo, Jorgen"]
[Result "1-0"]
[WhiteElo "1944"]
[BlackElo "1714"]
[PlyCount "65"]
[EventDate "2013.07.27"]
[EventType "swiss"]
[EventRounds "10"]
[EventCountry "DEN"]
[Source "ChessBase"]
[SourceDate "2013.08.26"]

1. d4 d5 2. c4 c6 3. Nf3 e6 4. g3 Be7 5. Bg2 Nf6 6. O-O O-O 7. Nfd2 Nbd7 8. Nc3
b6 9. e4 dxc4 10. Nxc4 Ba6 11. b3 Rc8 12. Re1 b5 13. Ne3 Qb6 14. Bb2 Rfd8 15.
e5 Nd5 16. Ne4 b4 17. Nc4 Bxc4 18. bxc4 Nc7 19. Qg4 Ne8 20. Rad1 Nf8 21. c5 Qa5
22. Ra1 Qb5 23. Bf1 Qb7 24. Bc4 a5 25. h4 a4 26. Rad1 a3 27. Bc1 Qd7 28. h5 h6
29. Bxh6 Kh8 30. Bg5 Bxg5 31. Nxg5 Nh7 32. Ne4 f6 33. Bxe6 1-0

[Event "35t. Copenhagen Open (Politiken Cup)"]
[Site "Elsinore"]
[Date "2013.07.30"]
[Round "5"]
[White "Preuss, Flemming"]
[Black "Andersen, Claus"]
[Result "1-0"]
[WhiteElo "1994"]
[BlackElo "1806"]
[PlyCount "69"]
[EventDate "2013.07.27"]
[EventType "swiss"]
[EventRounds "10"]
[EventCountry "DEN"]
[Source "ChessBase"]
[SourceDate "2013.08.26"]

1. c4 Nf6 2. Nc3 g6 3. e4 d6 4. g3 Bg7 5. Bg2 c5 6. Nge2 Nc6 7. O-O O-O 8. d3
Rb8 9. Rb1 a6 10. f4 Bd7 11. h3 b5 12. b3 e6 13. Qd2 b4 14. Nd1 a5 15. Bb2 a4
16. d4 axb3 17. axb3 cxd4 18. Nxd4 Qb6 19. e5 dxe5 20. fxe5 Nxe5 21. Kh2 Ne8
22. Nf2 Nd6 23. Rbd1 Ndxc4 24. bxc4 Nxc4 25. Qe2 Nxb2 26. Qxb2 Ba4 27. Rd2 Rfd8
28. Qa2 Rxd4 29. Rxd4 Bxd4 30. Ne4 Bb5 31. Rd1 Rc8 32. Qd2 Bc3 33. Qf4 e5 34.
Qg5 Qe6 35. Rd6 1-0

[Event "35t. Copenhagen Open (Politiken Cup)"]
[Site "Elsinore"]
[Date "2013.07.30"]
[Round "5"]
[White "Quinn, David"]
[Black "Royset, Pal"]
[Result "0-1"]
[WhiteElo "1983"]
[BlackElo "2170"]
[PlyCount "106"]
[EventDate "2013.07.27"]
[EventType "swiss"]
[EventRounds "10"]
[EventCountry "DEN"]
[Source "ChessBase"]
[SourceDate "2013.08.26"]

1. d4 c5 2. d5 e5 3. c4 d6 4. Nc3 Nf6 5. e4 g6 6. Nf3 Bg7 7. g3 O-O 8. Bg2 Na6
9. O-O Bd7 10. h3 Nc7 11. a4 a6 12. Rb1 b5 13. cxb5 axb5 14. b4 cxb4 15. Rxb4
Na6 16. Rb1 b4 17. Nb5 Nxe4 18. Bd2 Nxd2 19. Nxd2 Bf5 20. Ne4 Bxe4 21. Bxe4 f5
22. Bg2 Qb6 23. Qd2 e4 24. Rfc1 Rac8 25. Rc6 Rxc6 26. dxc6 Qxc6 27. Nxd6 Be5
28. Qa2+ Kg7 29. Nc4 Qd5 30. Qe2 Bc3 31. Rd1 Qc6 32. a5 Qb5 33. Bf1 Nc5 34. Qe3
Qc6 35. Rd6 Qc7 36. Rd5 Ne6 37. a6 Rf7 38. Nd6 Re7 39. Nb5 Qc6 40. Rd6 Qc8 41.
Qb6 Be5 42. Rc6 Qe8 43. Nd6 Qd7 44. Nb5 Bd4 45. Nxd4 Nxd4 46. Rd6 Nf3+ 47. Kg2
Qa4 48. Qe3 Qa1 49. Rc6 b3 50. Rc1 Qa2 51. Qc3+ Kh6 52. Ra1 Qd2 53. Rc1 b2 0-1

[Event "35t. Copenhagen Open (Politiken Cup)"]
[Site "Elsinore"]
[Date "2013.07.30"]
[Round "5"]
[White "Ranby, Hans"]
[Black "Tryggestad, Andreas Garberg"]
[Result "0-1"]
[WhiteElo "1958"]
[BlackElo "1774"]
[PlyCount "60"]
[EventDate "2013.07.27"]
[EventType "swiss"]
[EventRounds "10"]
[EventCountry "DEN"]
[Source "ChessBase"]
[SourceDate "2013.08.26"]

1. b3 e5 2. Bb2 Nc6 3. c4 Nf6 4. Nc3 d5 5. cxd5 Nxd5 6. Nf3 Be7 7. e3 Ndb4 8.
a3 Nd3+ 9. Bxd3 Qxd3 10. Qe2 Qc2 11. d4 Qxe2+ 12. Nxe2 Na5 13. Nxe5 Nxb3 14.
Rd1 Bf5 15. Nd3 Na5 16. Ng3 Bg6 17. Ne5 O-O-O 18. Bc3 Nc6 19. Nxc6 bxc6 20. Bb4
Bxb4+ 21. axb4 Rd5 22. Rc1 Kd7 23. Ra1 Ra8 24. Kd2 Rb5 25. Kc3 Rab8 26. Ra4 a5
27. Rxa5 Rxb4 28. Rha1 Rb2 29. d5 Rc2+ 30. Kd4 Rb4+ 0-1

[Event "35t. Copenhagen Open (Politiken Cup)"]
[Site "Elsinore"]
[Date "2013.07.30"]
[Round "5"]
[White "Rasmussen, Allan Stig"]
[Black "Grandelius, Nils"]
[Result "0-1"]
[WhiteElo "2502"]
[BlackElo "2573"]
[PlyCount "68"]
[EventDate "2013.07.27"]
[EventType "swiss"]
[EventRounds "10"]
[EventCountry "DEN"]
[Source "ChessBase"]
[SourceDate "2013.08.26"]

1. d4 Nf6 2. Nf3 g6 3. Nbd2 c5 4. dxc5 Qa5 5. a3 Qxc5 6. b4 Qc7 7. Bb2 Bg7 8.
c4 O-O 9. e3 a5 10. c5 axb4 11. axb4 Rxa1 12. Qxa1 d6 13. Be2 Bg4 14. cxd6 Qxd6
15. b5 Bxf3 16. gxf3 Nbd7 17. Qc1 Nb6 18. Ba3 Qe6 19. O-O Rc8 20. Qb1 Nfd5 21.
Ne4 Na4 22. Bd3 Ndc3 23. Qb4 Bf8 24. Rc1 Na2 25. Qxa4 Nxc1 26. Bf1 Nb3 27. Ng5
Qf5 28. Qh4 h6 29. Ne4 Qxf3 30. Bxe7 g5 31. Bxg5 hxg5 32. Nxg5 Qf5 33. Bh3 Rc1+
34. Kg2 Qg6 0-1

[Event "35t. Copenhagen Open (Politiken Cup)"]
[Site "Elsinore"]
[Date "2013.07.30"]
[Round "5"]
[White "Rasmussen, Morten Fredsgaard"]
[Black "Thaler, Toni"]
[Result "0-1"]
[WhiteElo "1920"]
[BlackElo "2091"]
[PlyCount "50"]
[EventDate "2013.07.27"]
[EventType "swiss"]
[EventRounds "10"]
[EventCountry "DEN"]
[Source "ChessBase"]
[SourceDate "2013.08.26"]

1. d4 f5 2. Nf3 g6 3. Bg5 Nh6 4. e3 Nf7 5. c4 Bg7 6. Nc3 O-O 7. h4 h6 8. Bf4 d6
9. Qc2 e5 10. dxe5 dxe5 11. Rd1 Qe8 12. Bg3 c6 13. Be2 Na6 14. O-O Qe7 15. Rd2
Bf6 16. a3 e4 17. Nd4 Bxh4 18. Bxh4 Qxh4 19. f3 exf3 20. Nxf3 Qe7 21. e4 f4 22.
e5 Bf5 23. Bd3 Nxe5 24. Nxe5 Qxe5 25. Re2 Qd4+ 0-1

[Event "35t. Copenhagen Open (Politiken Cup)"]
[Site "Elsinore"]
[Date "2013.07.30"]
[Round "5"]
[White "Rasmussen, Ole H"]
[Black "Rasmussen, Arne"]
[Result "1/2-1/2"]
[WhiteElo "1727"]
[BlackElo "1503"]
[PlyCount "60"]
[EventDate "2013.07.27"]
[EventType "swiss"]
[EventRounds "10"]
[EventCountry "DEN"]
[Source "ChessBase"]
[SourceDate "2013.08.26"]

1. e4 e5 2. Nf3 Nc6 3. Bb5 d6 4. O-O Bd7 5. c3 Nf6 6. Re1 a6 7. Ba4 Be7 8. d4
exd4 9. cxd4 O-O 10. Nc3 Na7 11. Bc2 Nb5 12. a4 Nxc3 13. bxc3 b5 14. Qd3 g6 15.
Bh6 Re8 16. axb5 axb5 17. Bb3 c6 18. Ng5 d5 19. exd5 Nxd5 20. Bxd5 cxd5 21. Nf3
Bf6 22. Be3 Bg7 23. Reb1 Rxa1 24. Rxa1 Qc7 25. h4 Qc4 26. Qxc4 bxc4 27. Ne1 h5
28. Nc2 Bf8 29. Ra7 Bf5 30. Ne1 Rb8 1/2-1/2